000 00688nam a2200241Ia 4500
003 OSt
005 20220918230729.0
006 a|||||r|||| 00| 0
007 ta
008 220917b |||||||| |||| 00| 0 eng d
024 _a257,863
037 _cTextual
040 _aARTS
_cARTS
_beng
041 _2eng
_aeng
082 _aS:4:(D6,78), L5
100 _aPask Gordon
_985221
245 0 _aCybernetics of human learning and performance
_b A guide to theory and research
260 _aLondon
_bHutchinson Educational UK
_c1975
300 _a347p.
_ccm.
650 _aPSYCHOLOGY
942 _hS:4:(D6,78), L5
_cTEXL
_2CC
999 _c288805
_d288805